000 00671nam a2200217 a 4500
001 15950
003 CO-ViMGA
008 141112s2004 ck r 000 u spa d
020 _a9588159598
040 _aCO-ViMGA
_bspa
_cCO-ViMGA
082 0 4 _a808.02 C656r
100 1 _aMinisterio de Cultura,
245 1 0 _aRed Nacional de talleres de Creación Literaria
260 _aBogotá,
_cMinisterio de Cultura,
_c2002
300 _a61.p.
590 _aForma de adquisición : Donación Biblioteca Nacional 2003 - - Precio :
_15.000
650 1 4 _aARTE DE ESCRIBIR
_922899
650 1 4 _aCREACION LITERARIA
_922900
650 1 4 _aTALLERES LITERARIOS
_922901
942 _2ddc
_cBK
999 _c25947
_d25947